W jakim kraju mówie w tym języku? - Statystyki

Ogólne statystyki
  • Ten quiz został rozwiązany 54 razy
  • Średni wynik to 9 z 15
Statystyki odpowiedzi
JĘZYKI Państwo % Poprawnych
mongolski Mongolia
82%
portugalski Brazylia
80%
hiszpański Hiszpania
76%
indonezyjski,jawajski Indonezja
76%
kirgiski,rosyjski Kirgistan
76%
bośniacki,chorwacki,serbski Bośnia i Hercegowina
73%
rumuński Mołdawia
67%
fidźyjski,hindi,hindi fidżyjskie,angielski Fidżi
63%
amharski,oromo,afar,tigrinia,somalijski Etiopia
59%
niemiecki Liechtenstein
55%
francuski,angielski Kanada
51%
hiszpański,quechua Peru
51%
portugalski,tetum Timor Wschodni
41%
maoryski,migowy Nowa Zelandia
35%
arabski,tigrinia Erytrea
24%
Nie znaleziono quizów pasujących do podanych kryteriów
Rozkład punktacji
Procent ludzi z każdym wynikiem
Percentyl według liczby udzielonych odpowiedzi
Twoja historia wyników
Nie rozwiązałeś tego quizu